La inclusión digital como motor de desarrollo. Una opción para la Colombia rural (Record no. 408663)

000 -CABECERA
Campo de control de longitud fija 00458nab a22001217u 4500
008 - CÓDIGOS DE INFORMACIÓN DE LONGITUD FIJA
Campo de control de longitud fija 130520b2008 xxu||||| |||| 00| 0 spa d
041 ## - CÓDIGO DE LENGUA
Código de lengua del texto/banda sonora o título independiente spa
100 1# - PUNTO DE ACCESO PRINCIPAL-NOMBRE DE PERSONA
Nombre de persona Antonio Vega, Omar
9 (RLIN) 81736
245 00 - MENCIÓN DE TÍTULO
Título La inclusión digital como motor de desarrollo. Una opción para la Colombia rural
Mención de responsabilidad, etc. Omar Antonio Vega, Luis Rodríguez Baena
700 1# - PUNTO DE ACCESO ADICIONAL-NOMBRE DE PERSONA
Nombre de persona Rodríguez Baena, Luis
9 (RLIN) 72633
773 0# - ENLACE AL DOCUMENTO FUENTE
Título Sociedad y Utopía
Parte(s) relacionada(s) nº32,2008,págs. 75-96
Número Internacional Normalizado para Publicaciones Seriadas (ISSN) 1133-6706
Número de control del registro relacionado Rev436
942 ## - ENTRADA DE ELEMENTOS AGREGADOS (KOHA)
Koha [por defecto] tipo de item Artículos de revista
Holdings
Suprimido Perdido Estropeado No para préstamo Localización permanente Localización actual Localización en estantería Fecha adquisición Préstamos totales Fecha última consulta Fecha del precio de reemplazo Tipo de item de Koha
        San Esteban San Esteban Depósito de revistas 21/05/2013   21/05/2013 21/05/2013 Artículos de revista

Bibliotecas Dominicos Provincia Hispania, 2016

Con tecnología Koha